Leader xxxxxxxxxx
001 __ PCLIS00049158
005 __ 20210329134342.0
010 0_ |a978-957-32-7342-4|b第I冊 : 平裝|dNT$300
010 0_ |a978-957-32-7437-7|b第II冊 : 平裝|dNT$300
010 0_ |a978-957-32-7486-5|b第III冊 : 平裝|dNT$300
010 0_ |a978-957-32-7629-6|b第IV冊 : 平裝|dNT$300
010 0_ |a978-957-32-7744-6|b第V冊 : 平裝|dNT$300
100 __ |a20151109g20142015m y0chiy09 e
101 0_ |achi
102 __ |atw
105 __ |aacj z 000yy
200 1_ |a微塵眾|e紅樓夢小人物|f蔣勳著
205 __ |a初版
210 __ |a臺北市|c遠流|d2014-2015[民103-104]
215 0_ |a5冊|c圖, 譜系表|d21公分
225 2_ |a綠蠹魚叢書|vYLK66-67,73,84,89
225 2_ |a夢紅樓系列
320 __ |a含附錄
410 _0 |12001|a綠蠹魚叢書|vYLK66-67,73,84,89
410 _0 |12001|a夢紅樓系列
517 1_ |a紅樓夢小人物|zchi
606 __ |2cst|a紅學
606 __ |2cst|a人物志
606 __ |2cst|a研究考訂
681 __ |a857.49|b848
700 _1 |a蔣|b勳|4作
801 _0 |atw|b內湖高中|c20151109|gCCR
801 _1 |atw|b內湖高中|c20151109
801 _2 |atw|b內湖高中|c20180417|gCCR
|